[Event "25th European Club Cup Women 2021"]
[Site "Struga"]
[Date "2021.09.24"]
[Round "7.16"]
[White "Maltsevskaya, Aleksandra"]
[Black "Buksa, Nataliya"]
[Result "1/2-1/2"]
[WhiteElo "2407"]
[BlackElo "2417"]
[Annotator "NA"]
[PlyCount "87"]
[EventDate "2021.09.18"]
[EventType "team-tourn"]
[EventCountry "MKD"]
[SourceTitle "playchess.com"]
[Source "ChessBase"]
[SourceQuality "1"]
[TimeControl "40/5400+30:1800+30"]

1. Nf3 {[%emt 0:00:02]} d5 {[%emt 0:01:34]} 2. g3 {[%emt 0:00:08]} Nf6 {
[%emt 0:00:18]} 3. Bg2 {[%emt 0:00:11]} e6 {[%emt 0:00:12]} 4. O-O {[%emt 0:00:
23]} Be7 {[%emt 0:00:02]} 5. d4 {[%emt 0:00:23]} O-O {[%emt 0:00:06]} 6. c4 {
[%emt 0:00:14]} Nbd7 {[%emt 0:00:07]} 7. Qc2 {[%emt 0:06:49]} c6 {[%emt 0:00:
08]} 8. Nbd2 {[%emt 0:02:08]} b6 {[%emt 0:00:06]} 9. b3 {[%emt 0:09:01]} Bb7 {
[%emt 0:00:40]} 10. Bb2 {[%emt 0:01:29]} c5 {[%emt 0:02:13]} 11. cxd5 {[%emt 0:
06:26]} Nxd5 {[%emt 0:06:19]} 12. Rac1 {[%emt 0:02:35]} Re8 {[%emt 0:23:37]}
13. Rfd1 {[%emt 0:05:04]} cxd4 {[%emt 0:06:19]} 14. Nxd4 {[%emt 0:00:25]} Nb4 {
[%emt 0:00:49]} 15. Qb1 {[%emt 0:05:25]} Bxg2 16. Kxg2 {[%emt 0:00:09]} Qb8 {
[%emt 0:02:06]} 17. a3 {[%emt 0:12:11]} Qb7+ {[%emt 0:01:11]} 18. e4 {[%emt 0:
01:40]} Na6 {[%emt 0:00:52]} 19. Nb5 {[%emt 0:06:42]} Nf6 {[%emt 0:02:19]} 20.
b4 {[%emt 0:10:46]} Red8 {[%emt 0:01:43]} 21. f3 {[%emt 0:03:39]} Rac8 {
[%emt 0:02:01]} 22. Nb3 {[%emt 0:03:52]} Ne8 {[%emt 0:16:15]} 23. Rxc8 {
[%emt 0:11:48]} Rxc8 {[%emt 0:01:42]} 24. N3d4 {[%emt 0:00:39]} Nb8 {[%emt 0:
02:28]} 25. Qd3 {[%emt 0:05:47]} a6 {[%emt 0:12:45]} 26. Nc3 {[%emt 0:00:05]}
Nd6 {[%emt 0:00:04]} 27. Ba1 {[%emt 0:02:59]} Nc4 {[%emt 0:00:12]} 28. Nce2 {
[%emt 0:00:52]} h6 {[%emt 0:04:28]} 29. Rc1 {[%emt 0:02:12]} b5 {[%emt 0:00:03]
} 30. a4 {[%emt 0:00:15]} Nd7 {[%emt 0:04:20]} 31. axb5 {[%emt 0:00:11]} axb5 {
[%emt 0:00:12]} 32. Nc3 {[%emt 0:01:18]} Bxb4 {[%emt 0:02:25]} 33. Ncxb5 {
[%emt 0:00:17]} Nce5 {[%emt 0:00:36]} 34. Rxc8+ {[%emt 0:00:24]} Qxc8 {[%emt 0:
00:03]} 35. Qb3 {[%emt 0:00:44]} Qc1 {[%emt 0:00:44]} 36. Qxb4 {[%emt 0:00:27]}
Qxa1 {[%emt 0:00:03]} 37. Qc3 {[%emt 0:00:27]} Qb1 {[%emt 0:01:57]} 38. Qc2 {
[%emt 0:00:40]} Qe1 {[%emt 0:00:03]} 39. Qc3 {[%emt 0:00:28]} Qb1 {[%emt 0:03:
50]} 40. Qc2 {[%emt 0:00:00]} Qb4 {[%emt 0:00:00]} 41. Qc3 {[%emt 0:00:20]} Qa4
{[%emt 0:02:33]} 42. Qc2 {[%emt 0:03:02]} Qa6 {[%emt 0:05:54]} 43. Qc7 {
[%emt 0:02:57]} Qa2+ {[%emt 0:00:43]} 44. Qc2 {[%emt 0:00:07]} 1/2-1/2